000 00325pab a2200145 454500
008 180718b1984 xxu||||| |||| 00| 0 eng d
100 _aBerger, Peter L.
245 _aDemocracy in today's world
260 _c1984
300 _a41-7
362 _aSummer
650 _aDemocracy
773 _aAmerican Review
909 _a7156
999 _c7156
_d7156